000 00605mam a2200217 a 4500
001 BD-DhSAU 8406
003 BD-DhSAU
005 20150612104932.0
008 810407s1978 ii a r 001 0 eng d
040 _aBD-DhSAU
082 _222
_a025.52
_bKUR
100 0 _aKumar, Krishan
_d1933-
245 1 0 _aReference service /
_cKrishan Kumar.
260 _aNew Delhi, India :
_bVikas,
_cc1978.
300 _ax, 406 p. ;
_c22 cm.
504 _aIncludes bibliographical references and index.
590 _ajoy
650 0 _aReference services (Libraries)
650 0 _aReference books.
942 _2ddc
_cBOOK
999 _c8406
_d8406